000 00370nam a2200157Ia 4500
008 151213s9999 xx 000 0 und d
100 _aA. Nevins
245 _aHistory of The U. S.
_cA. Nevins
250 _a1st
260 _aAustralia
_bPenguying Books
_c1951
300 _a4317 p.
650 _aHistory
650 _aReference
700 _aA. Nevins
999 _c2731
_d2731